00844nam a22001937i 45000010005000000030004000050050017000090070003000260080041000290240014000700400008000842450113000922600020002054900095002256510019003201100029003398660029003688660253003977850OSt20170126082404.0tu161220s xxu||||| |||| 00| 0 d7 a78502RID cOSt00aEmployment and Unemployment in the Czech Repubic as Measured by Labour Force Sample SurveybZamestnanost ... aCzech Republic. aEmployment and Unemployment in the Czech Repubic as Measured by Labour Force Sample Survey aCzech Republic2 aCzech Statistical Office 0u1996/1997 Winter-2008/Q3 0u
vorhanden:
1996/1997 Winter
1998/Q4
1999/Q4
2000/Q1, Q2, Q4
2001/von Q1 bis Q4
2002/von Q1 bis Q4
2003/von Q1 bis Q4
2004/von Q1 bis Q4
2005/von Q1 bis Q4
2006/von Q1 bis Q4
2007/von Q1 bis Q3
2008/Q1